000 00568nam a2200181 a 4500
005 20140412111240.0
008 010425s19uu xx 00 eng d
020 _a0-688-06810-3
050 _aTR(PS E
_bWe44 1987
100 _aAliki
245 _aWelcome, little baby /
_cAliki.
260 _aNew York :
_bGreenwillo Books,
_c1987.
300 _a1v. (unp.) ; ill.
520 _aA mother welcomes her newborn infant, and tells what life will be likes as the child grows older.
650 _aBabies-Fiction
650 _aMother and child-Fiction
999 _c102649
_d102649